[Event "Floripa Chess Open 2024"]
[Site "Florianopolis"]
[Date "2024.01.22"]
[Round "4.53"]
[White "Rodrigues, Nei Jorge"]
[Black "De Carvalho, Jose Jorge"]
[Result "1/2-1/2"]
[WhiteElo "1822"]
[BlackElo "2119"]
[PlyCount "158"]
[EventDate "2024.01.20"]
[EventRounds "10"]
[EventCountry "BRA"]

1. Nf3 Nf6 2. g3 b6 3. Bg2 Bb7 4. O-O c5 5. c4 e6 6. Nc3 Be7 7. d3 d5 8. cxd5 (
{RR} 8. Ne5 O-O 9. d4 Nbd7 10. cxd5 Nxd5 11. Nxd5 exd5 12. Ng4 Nf6 13. Ne3 Qd7
14. b3 Rfd8 15. Bb2 Ng4 16. Nxg4 Qxg4 17. dxc5 bxc5 18. Rc1 a5 19. Ba3 Rac8 20.
e3 Qg6 21. Qc2 Qe6 22. Rfd1 Bf8 {Dubov,D (2703)-Yu Yangyi (2764) St Petersburg
RUS 2018 1/2-1/2 (56)}) ({RR} 8. Bd2 O-O 9. a3 d4 10. Na4 a5 11. Rb1 Bc6 12.
Ne5 Bxg2 13. Kxg2 Nfd7 14. Nf3 Nc6 15. e3 dxe3 16. Bxe3 Nde5 17. Nxe5 Nxe5 18.
d4 Nxc4 19. dxc5 Nxe3+ 20. fxe3 bxc5 21. Qc2 Qd5+ 22. e4 Qc6 {Shapiro,V (2144)
-Durarbayli,V (2631) chess.com INT 2023 0-1 (31)}) 8... Nxd5 9. Qa4+ ({RR} 9.
a3 O-O 10. Qc2 Nc6 11. Nxd5 exd5 12. Bf4 Bf6 13. Rab1 Qe7 14. Rfe1 g5 15. Bc1
g4 16. Nd2 Rad8 17. b4 cxb4 18. axb4 Nxb4 19. Qa4 a5 20. Bb2 Bc6 21. Qb3 Bxb2
22. Qxb2 Qg5 23. Nb3 Rd6 {Da Matta,E (1884)-Rodrigues,N (2015) Rio de Janeiro
2017 1-0 (48)}) 9... Bc6 10. Qb3 $146 ({RR} 10. Qg4 O-O 11. Bd2 Nd7 12. Rfc1 a6
13. a3 f5 14. Qc4 Bf6 15. b4 b5 16. Qb3 Qe7 17. Rab1 Rac8 18. h3 h6 19. Ne1
cxb4 20. Nxd5 Bxd5 21. Bxd5 exd5 22. Bxb4 Qe6 23. Bxf8 Rxf8 24. Ng2 Bg5 {
Demidov,M (2556)-Bologan,V (2574) Warsaw POL 2021 1-0 (36)}) 10... Nd7 11. e4
Nxc3 12. Qxc3 O-O 13. Bf4 Qc8 14. Rac1 Qb7 15. h4 Rac8 16. b3 Rfd8 17. Rfd1 f6
18. h5 e5 19. Be3 Nf8 20. Qc4+ Kh8 21. h6 gxh6 22. Bxh6 Be8 23. Bh3 b5 24. Qc3
Bh5 25. Nxe5 Bxd1 26. Nf7+ Kg8 27. Nxd8 Rxd8 28. Rxd1 Ng6 29. Be6+ Kh8 30. a4
Qb6 31. Bd5 a6 32. axb5 axb5 33. Ra1 b4 34. Qb2 Ne5 35. Qe2 f5 36. Bf4 Bf6 37.
Rd1 Ng4 38. Kg2 Bd4 39. Bc4 Re8 40. Rh1 Qg6 41. f3 Nf6 42. Rh6 Qg7 43. Qd2 Ra8
44. e5 Ng8 45. Rh1 Bxe5 46. Bxe5 Qxe5 47. Re1 Qd4 48. Qe3 Ra2+ 49. Kh3 Qxe3 50.
Rxe3 Nh6 51. Re6 Kg7 52. Kh4 Nf7 53. g4 Ra7 54. gxf5 Rc7 55. Kh5 Nd8 56. Re8
Nc6 57. Kg5 h6+ 58. Kh5 Nd4 59. f4 Nxf5 60. Rg8+ Kh7 61. Rf8 Ne3 62. Rf6 Nxc4
63. Rxh6+ Kg7 64. dxc4 Rf7 65. Rg6+ Kh7 66. Kg5 Rd7 67. Rc6 Rd3 68. Rxc5 Rxb3
69. Rb5 Kg7 70. Rb7+ Kf8 71. Kf6 Ke8 72. f5 Rb1 73. Rb8+ Kd7 74. Kf7 b3 75. f6
Kc6 76. Rb5 b2 77. Kf8 Rf1 78. Rxb2 Rxf6+ 79. Ke7 Rf4 1/2-1/2

[Event "Floripa Chess Open 2024"]
[Site "Florianopolis"]
[Date "2024.01.22"]
[Round "4.54"]
[White "Marques Junior, Marcos Antonio"]
[Black "Becker, Rogerio Sperb"]
[Result "0-1"]
[WhiteElo "1818"]
[BlackElo "2114"]
[PlyCount "76"]
[EventDate "2024.01.20"]
[EventRounds "10"]
[EventCountry "BRA"]

1. d4 Nf6 2. c4 e6 3. Nc3 Bb4 4. f3 c5 5. a3 Bxc3+ 6. bxc3 Nc6 7. e3 b6 8. Bd3
Ba6 9. Bb2 O-O 10. e4 Na5 11. Qe2 Rc8 $146 ({RR} 11... d5 12. cxd5 Bxd3 13.
Qxd3 exd5 14. e5 Nh5 15. Ne2 Qg5 16. g3 c4 17. Qc2 Nb3 18. Rd1 g6 19. Bc1 Nxc1
20. Qxc1 Qe7 21. O-O Ng7 22. Rf2 b5 23. Nf4 Qd7 24. Rb2 Ne6 25. Ng2 a5 26. Ne3
{Tarasenka,A (2064)-Bendik,M (1696) Minsk BLR 2023 1-0 (40)}) 12. d5 Ne8 13. f4
Nd6 14. e5 Ndxc4 15. dxe6 dxe6 16. Nf3 f5 17. O-O b5 18. Rad1 Qe7 19. Bc1 Bb7
20. a4 a6 21. Bc2 Rcd8 22. axb5 axb5 23. g4 g6 24. h4 Rxd1 25. Rxd1 Rd8 26. Re1
Bxf3 27. Qxf3 Qxh4 28. Re2 Qxg4+ 29. Qxg4 fxg4 30. Rg2 b4 31. cxb4 cxb4 32.
Rxg4 b3 33. Bxg6 hxg6 34. Rxg6+ Kh7 35. Rxe6 Rd1+ 36. Kh2 Rxc1 37. f5 b2 38.
Re7+ Kh6 0-1

[Event "Floripa Chess Open 2024"]
[Site "Florianopolis"]
[Date "2024.01.22"]
[Round "4.56"]
[White "Cezar, Ricardo De Almeida"]
[Black "Cueto, Jonny"]
[Result "0-1"]
[WhiteElo "1809"]
[BlackElo "2108"]
[PlyCount "72"]
[EventDate "2024.01.20"]
[EventRounds "10"]
[EventCountry "BRA"]

1. d4 d6 2. c4 e5 3. Nf3 Nd7 4. Nc3 Ngf6 5. e4 g6 6. Be2 Bg7 7. O-O O-O 8. Be3
Ng4 9. Bg5 f6 10. Bc1 Nh6 11. b3 ({RR} 11. c5 exd4 12. Nxd4 Ne5 13. Qb3+ Nhf7
14. cxd6 cxd6 15. Rd1 Nc6 16. Ndb5 Kh8 17. Bf4 Nce5 18. Qa3 Be6 19. Nxd6 Qe7
20. Nxf7+ Qxf7 21. Bxe5 fxe5 22. Qc5 Rfc8 23. Qe3 Bf8 24. Qg5 Qg7 25. Rd3 Bc5 {
Zhang,X (2070)-Wang,X (1929) Qiziwan CHN 2023 1-0 (62)}) 11... Nf7 12. Bb2 ({RR
} 12. Qc2 c6 13. Ba3 Re8 14. Rad1 Qc7 15. h3 Nf8 16. b4 f5 17. d5 fxe4 18. Nd2
e3 19. fxe3 e4 20. Qb3 Qe7 21. Rf4 Bf5 22. c5 Qe5 23. Ncxe4 cxd5 24. Nf3 Qe6
25. Nfg5 Nxg5 26. Nxg5 Qxe3+ {Boensch,U (2445)-Knaak,R (2530) Jueterbog 1985 1/
2-1/2 (48)}) 12... b6 $146 ({RR} 12... c6 13. Qc2 Re8 14. Rfd1 Qe7 15. Ba3 exd4
16. Nxd4 Nc5 17. f3 f5 18. b4 Ne6 19. Nxe6 Bxe6 20. Bb2 Ne5 21. exf5 Bxf5 22.
Qb3 Rad8 23. Bf1 Qg5 24. Kh1 Qh4 25. c5+ d5 26. Ne2 Nd3 27. Bxg7 {Gallego
Alcaraz,A (2387)-Zapata,A (2444) Quibdo 2015 0-1 (52)}) 13. Qc2 Bb7 14. Nd5 c6
15. Ne3 Re8 16. d5 Qc7 17. b4 cxd5 18. cxd5 Qxc2 19. Nxc2 Rec8 20. Ne3 a6 21.
Rfc1 Bh6 22. Rxc8+ Rxc8 23. Rc1 Bxe3 24. Rxc8+ Bxc8 25. fxe3 b5 26. g4 Nb6 27.
Nd2 Kg7 28. Kf2 h5 29. h3 Kh6 30. Kg3 hxg4 31. hxg4 Ng5 32. Bd3 Kg7 33. Nf3
Nxf3 34. Kxf3 Kh6 35. Bc2 Kg5 36. Bc1 Bxg4+ 0-1

[Event "Floripa Chess Open 2024"]
[Site "Florianopolis"]
[Date "2024.01.22"]
[Round "4.57"]
[White "Silva, Caio Henrique Angel"]
[Black "Barbosa, Flavio Novais"]
[Result "1-0"]
[WhiteElo "2074"]
[BlackElo "1827"]
[PlyCount "51"]
[EventDate "2024.01.20"]
[EventRounds "10"]
[EventCountry "BRA"]

1. d4 Nf6 2. c4 c6 3. Nc3 d5 4. Nf3 g6 5. Bf4 Bg7 6. e3 O-O 7. h3 Be6 8. Qb3
dxc4 ({RR} 8... Qb6 9. c5 Qxb3 10. axb3 Nbd7 11. b4 a6 12. Nd2 Ne4 13. Ncxe4
dxe4 14. Nxe4 Rfe8 15. Bh2 Bf5 16. Nc3 e5 17. d5 cxd5 18. Nxd5 Rad8 19. O-O-O
a5 20. Nc7 Rf8 21. Bb5 axb4 22. e4 Bh6+ 23. f4 {Nielsen,P (2693)-Vachier
Lagrave,M (2710) Beijing 2011 0-1 (51)}) ({RR} 8... b6 9. Be2 a5 10. Ng5 Bf5
11. cxd5 cxd5 12. O-O h6 13. Nf3 Ne4 14. Rac1 Nxc3 15. Rxc3 a4 16. Qb4 Nd7 17.
Rfc1 g5 18. Bc7 Qe8 19. Bb5 Ra7 20. Bg3 Qa8 21. Bc6 Qd8 22. Bxa4 Qa8 23. Bc6 {
Le Tuan Minh (2514)-Seemann,J (2298) chess.com INT 2022 1-0 (34)}) 9. Qxb7 $146
({RR} 9. Bxc4 Bxc4 10. Qxc4 Nd5 11. Bg3 Qa5 12. O-O Nd7 13. Qb3 Nxc3 14. bxc3
b6 15. a4 e5 16. Rfd1 Rad8 17. Rac1 h6 18. Qb4 Qxb4 19. cxb4 exd4 20. Nxd4 Bxd4
21. exd4 Rc8 22. Rc2 Nf6 23. Rdc1 Ne4 {Nguyen,V (2424)-Nguyen,V (2362) Vietnam
2016 1-0}) ({RR} 9. Bxc4 Bxc4 10. Qxc4 Qb6 11. O-O Qa6 12. b3 Rc8 13. Rfc1 Nfd7
14. Nd5 Qxc4 15. Rxc4 Kf8 16. Nc7 e5 17. Nxa8 exf4 18. Rb4 b6 19. Ra4 a6 20.
exf4 b5 21. Ra3 Bf6 22. b4 Be7 23. Rb1 Nf6 {Van Wely,L (2525)-Svidler,P (2455)
Gausdal 1992 1-0 (49)}) 9... Qb6 10. Qxb6 axb6 11. Ng5 Bd5 12. e4 Nxe4 13.
Ngxe4 Bxd4 14. O-O-O Bg7 15. Kb1 e6 16. f3 Ra7 17. Be3 Nd7 18. Nd6 Rfa8 19. Rd2
Bxc3 20. bxc3 Ra4 21. Bxc4 Bxc4 22. Nxc4 Rxc4 23. Rxd7 Rxc3 24. Bxb6 Rb8 25.
Rd8+ Rxd8 26. Bxd8 1-0

[Event "Floripa Chess Open 2024"]
[Site "Florianopolis"]
[Date "2024.01.22"]
[Round "4.58"]
[White "Araujo, Renan Aparecido"]
[Black "Menezes, Jose Eduardo Carnei"]
[Result "1-0"]
[WhiteElo "2062"]
[BlackElo "1813"]
[PlyCount "85"]
[EventDate "2024.01.20"]
[EventRounds "10"]
[EventCountry "BRA"]

1. e4 e5 2. Nf3 Nc6 3. Bc4 Nf6 4. d3 Be7 5. c3 O-O 6. O-O d6 7. Bb3 Bg4 8. h3
Bh5 9. Re1 ({RR} 9. Nbd2 Nd7 10. Bc2 Nb6 11. b4 a5 12. b5 Nb8 13. Re1 N8d7 14.
Nf1 d5 15. Ng3 Bg6 16. Nf5 Bxf5 17. exf5 Bf6 18. d4 Re8 19. Nh2 Nc4 20. Ng4 e4
21. Nxf6+ Qxf6 22. Qh5 Nd6 23. Bf4 Nxf5 {Enklaar,B (2390)-Sokolov,I (2670)
Antwerp 1996 0-1 (40)}) 9... a6 ({RR} 9... Na5 10. Bc2 c5 11. Nbd2 b5 12. Nf1
Nd7 13. Ne3 Nb6 14. Nf5 Bg6 15. Nxe7+ Qxe7 16. g4 f6 17. Nh4 Bf7 18. Nf5 Qc7
19. f4 Be6 20. Kh2 d5 21. Qf3 d4 22. Bd2 Nc6 23. cxd4 Bxf5 24. dxc5 {Awoki,D  
(2143)-Juliano,J (1924) Florianopolis BRA 2019 1-0 (56)}) 10. Nbd2 h6 11. Nf1
Re8 $146 ({RR} 11... Qd7 12. Ng3 Bxf3 13. Qxf3 Nh7 14. Nf5 Bg5 15. Bxg5 hxg5
16. Rad1 Ne7 17. Ne3 a5 18. d4 a4 19. Bc2 Qb5 20. b3 axb3 21. Bxb3 Nc6 22. Nf5
exd4 23. cxd4 Qb4 24. Qh5 Ra5 25. Qg6 Rxf5 26. Qxf5 {Kowalski,I (1806)-Herman,
M (1722) Warsaw 2013 1-0 (65)}) 12. Ng3 Bg6 13. Nh4 Bh7 14. Nhf5 Bf8 15. Qf3
Na5 16. Bc2 c5 17. Ne3 Nc6 18. Bb3 Na5 19. Bd5 Bg6 20. Ngf5 Nc6 21. g4 Nxd5 22.
Nxd5 Ne7 23. Nde3 Bh7 24. Qg3 Nxf5 25. gxf5 Kh8 26. Kh1 Be7 27. Rg1 Rg8 28. Nd5
Bh4 29. Qf3 f6 30. Rg4 Bg5 31. h4 Bxc1 32. Rxc1 b5 33. Qg2 Ra7 34. f4 Qe8 35.
Rg1 Qf7 36. fxe5 dxe5 37. Qf2 Rd7 38. c4 Qf8 39. cxb5 axb5 40. Rc1 Qf7 41. Rxc5
Qh5 42. Qf3 Rgd8 43. Nxf6 1-0

[Event "Floripa Chess Open 2024"]
[Site "Florianopolis"]
[Date "2024.01.22"]
[Round "4.59"]
[White "Godinho, Bruno Cesar Ferreir"]
[Black "Martins, Anderson Donay"]
[Result "0-1"]
[WhiteElo "1802"]
[BlackElo "2058"]
[PlyCount "64"]
[EventDate "2024.01.20"]
[EventRounds "10"]
[EventCountry "BRA"]

1. e4 c5 2. Nf3 e6 3. g3 Nc6 4. Bg2 g6 5. O-O Bg7 6. c3 Nge7 7. d4 cxd4 8. cxd4
d5 9. e5 O-O 10. Nc3 h6 (10... b6 11. Re1 Bd7 12. b3 h5) ({RR} 10... Bd7 11.
Be3 Nf5 12. Qd2 Nxe3 13. fxe3 b5 14. Ne2 Qa5 15. Qxa5 Nxa5 16. b3 Rac8 17. Rfc1
Nc6 18. a3 Na5 19. Nd2 Rfd8 20. Nf4 Bf8 21. Nd3 Rxc1+ 22. Rxc1 Bxa3 23. Ra1 b4
24. Nc5 Nc6 25. Nb1 {Schaefer,M (2455)-Arkhipov,S (2520) Muenster 1993 0-1 (38)
}) 11. Re1 Bd7 ({RR} 11... a6 12. h4 Nf5 13. Bf4 Qb6 14. Na4 Qa7 15. Be3 Nxe3
16. Rxe3 Ne7 17. Rc1 Nf5 18. Rec3 Bd7 19. Nc5 Bc6 20. Bh3 a5 21. h5 Ne7 22.
hxg6 Nxg6 23. Qd3 Ne7 24. Nh4 a4 25. Kg2 Qa5 26. Rh1 {Kaasen,T (2480)
-Samaganova,A (1856) chess.com INT 2023 1-0 (33)}) 12. b3 $146 ({RR} 12. g4 Rc8
13. Bf4 g5 14. Bg3 Ng6 15. Qd2 a6 16. Rad1 Na7 17. Bf1 Qe7 18. Bd3 Rfd8 19. Kg2
Nb5 20. Nxb5 Bxb5 21. Bb1 Rd7 22. Rh1 Rdc7 23. h4 Nf4+ 24. Bxf4 gxf4 25. Qxf4
f6 26. exf6 Qxf6 {Zigo,V (2252)-Soukup,A (2216) Czechia 2010 1-0 (41)}) 12...
b5 13. Nxb5 Nxe5 14. dxe5 Bxb5 15. Nd4 Ba6 16. Ba3 Qd7 17. Bd6 Rfc8 18. Rc1 Nc6
19. Nxc6 Rxc6 20. Qd2 Rac8 21. h4 h5 22. Kh2 Bf8 23. Bxf8 Kxf8 24. Rxc6 Qxc6
25. Qh6+ Kg8 26. g4 hxg4 27. h5 Qc2 28. Re4 dxe4 29. hxg6 Qxf2 30. Qh7+ Kf8 31.
g7+ Ke7 32. g8=Q Qf4+ 0-1

[Event "Floripa Chess Open 2024"]
[Site "Florianopolis"]
[Date "2024.01.22"]
[Round "4.60"]
[White "Silva, Ezequiel Demetras"]
[Black "Moura, Eduardo Eugenio Cha"]
[Result "1/2-1/2"]
[WhiteElo "1793"]
[BlackElo "2055"]
[PlyCount "42"]
[EventDate "2024.01.20"]
[EventRounds "10"]
[EventCountry "BRA"]

1. c4 Nf6 2. Nf3 d6 3. Nc3 e5 4. g3 Be7 5. Bg2 O-O 6. O-O c6 7. Qc2 Re8 8. d4
Bf8 9. e4 a6 10. Rd1 Nbd7 11. b3 $146 ({RR} 11. a3 b5 12. c5 dxc5 13. Nxe5 Nxe5
14. dxe5 Nd7 15. f4 c4 16. Be3 Qc7 17. Qf2 a5 18. Bf1 a4 19. Bg2 Nb8 20. Rd2
Na6 21. Bf3 Bb7 22. Kg2 Rad8 23. Rxd8 Qxd8 24. Rd1 {1/2-1/2 (24) Hort,
V-Kovacevic,V Zagreb 1972}) 11... b5 12. Bb2 Qc7 13. Rac1 b4 14. Na4 c5 15. d5
g6 16. Rf1 Bh6 17. Rce1 Nh5 18. Nh4 Qd8 19. Bc1 Bg5 20. Bxg5 Qxg5 21. Qc1 Qxc1
1/2-1/2

[Event "Floripa Chess Open 2024"]
[Site "Florianopolis"]
[Date "2024.01.22"]
[Round "4.61"]
[White "Urquiza, Marcello De Albuque"]
[Black "Cavalcante, Rodrigo Moreira"]
[Result "1-0"]
[WhiteElo "2050"]
[BlackElo "1801"]
[PlyCount "95"]
[EventDate "2024.01.20"]
[EventRounds "10"]
[EventCountry "BRA"]

1. e4 {Marchand,A/Primel,D} c5 2. Nf3 e6 3. d4 cxd4 4. Nxd4 Nc6 5. Nb5 d6 6. c4
Nf6 7. N1c3 a6 8. Nd4 ({RR} 8. Na3 Be7 9. Be2 b6 ({RR} 9... O-O 10. O-O b6 ({RR
} 10... Bd7 11. Be3 Qa5 12. Qe1 Rfe8 ({RR} 12... Rab8 13. f3 Rfd8 14. Rc1 Be8
15. Qf2 Nd7 ({RR} 15... b5 16. cxb5 axb5 17. Naxb5 d5)))) 10. O-O Bb7 11. Be3
Nb8 12. f3 Nbd7 13. Rc1 ({RR} 13. Qd2) 13... O-O 14. Qd2 Qc7 15. Rfd1 ({RR} 15.
Nab1 Rac8 16. b4 Qb8 17. a3 Bd8 18. Kh1 Bc7)) 8... Bd7 ({RR} 8... Be7 9. Be2
O-O 10. O-O Nb8 11. Be3 b6 12. f4 Bb7) 9. Be3 ({RR} 9. Nc2 Be7 10. Be2 O-O ({RR
} 10... Rc8 11. O-O Ne5) 11. Bf4 ({RR} 11. O-O Qc7) 11... Ne5 12. O-O ({RR} 12.
Bxe5 dxe5) 12... Rc8 13. Ne3 b5 14. cxb5 axb5 15. a3 Qb6 16. Qb3 Qb7 17. Bg5
Bc6 18. Rfd1 ({RR} 18. f3 d5 ({RR} 18... Qb6) 19. exd5 Nxd5 20. Bxe7 Nxe7)
18... Nxe4 19. Nxe4 Bxe4 20. Bxe7 Qxe7 21. Qb4 f5 ({RR} 21... Nc4) 22. Qxd6 Qf6
23. f4 Ng6 {Palac,M (2586)-Rublevsky,S (2678) Aix les Bains 2011 CBM 142 Extra
[Marchand,A/Primel,D] 0-1}) ({RR} 9. Be2 Be7 ({RR} 9... Rc8) 10. O-O Nxd4 ({RR
} 10... O-O 11. Be3 Rc8 12. Rc1 Qc7 13. f4 Qb8) 11. Qxd4 Bc6 12. Be3 O-O 13.
Rfd1 Qb8 14. a4 a5 15. Bg5 Re8 16. Bf3 h6 17. Bh4 Rd8 18. Rac1 Qa7 19. Qxa7
Rxa7 20. Bg3 Raa8) 9... Nxd4 $146 ({RR} 9... Rc8 10. Nxc6 Bxc6 11. f3 d5 12.
cxd5 exd5 13. exd5 Nxd5 14. Nxd5 Qxd5 15. Qxd5 Bxd5 16. Bd3 Bb4+ 17. Kf2 O-O
18. a3 Be7 19. Rac1 Bh4+ 20. g3 Bf6 21. Rxc8 Rxc8 22. Rc1 Rxc1 23. Bxc1 Bd4+
24. Ke2 {Arnold,L (2374)-Hera,I (2527) Germany 2009 1/2-1/2 (45)}) ({RR} 9...
Rc8 10. Nxc6 Bxc6 11. f3 d5 12. cxd5 exd5 13. exd5 Nxd5 14. Nxd5 Bxd5 15. Qd2
Qh4+ 16. g3 Qb4 17. Bd3 Bxf3 18. Rf1 Bd5 19. Rf4 Qxd2+ 20. Bxd2 Be7 21. Bc3 O-O
22. a4 Rfe8 23. Kf1 Be6 24. Bf5 {Balmagambetov,T (2126)-Kezin,R (2505)
Pavlodar KAZ 2023 0-1 (62)}) ({RR} 9... Rc8 10. Nb3 Ne5 11. Qd4 Qc7 12. Nd2
Nfg4 13. Bf4 Nc6 14. Qd3 Qb6 15. Bg3 h5 16. h3 Nb4 17. Qb1 Ne3 18. Bd3 Nxg2+
19. Ke2 Be7 20. h4 g5 21. hxg5 Bxg5 22. Nf3 Nf4+ 23. Kf1 Nbxd3 24. Nxg5 {
Pytel,K-Garcia Martinez,S Wijk aan Zee 1974 0-1}) 10. Bxd4 Bc6 11. Bd3 Qa5 12.
a3 Nxe4 13. O-O Nxc3 14. Bxc3 Qg5 15. f3 Be7 16. Qe2 O-O 17. f4 Qc5+ 18. Kh1
Rfe8 19. b4 Qb6 20. Qb2 Bf8 21. Rae1 Rad8 22. Bd4 Qc7 23. Qf2 Rc8 24. Re3 f5
25. Rfe1 Qf7 26. Qe2 Bd7 27. Bc2 Kh8 28. Bb3 Be7 29. Rd1 b5 30. c5 dxc5 31.
Bxg7+ Qxg7 32. Rxd7 c4 33. Bc2 Rcd8 34. Rxd8 Rxd8 35. Rxe6 Qa1+ 36. Qe1 Qxe1+
37. Rxe1 Rd2 38. Bxf5 Bd6 39. g3 Ra2 40. Re6 Rd2 41. Re8+ Kg7 42. Rc8 Be7 43.
Rc7 Re2 44. Bc8 Kf6 45. Bxa6 Kf5 46. Bxb5 Bf6 47. Rxc4 Ra2 48. Bd7+ 1-0

[Event "Floripa Chess Open 2024"]
[Site "Florianopolis"]
[Date "2024.01.22"]
[Round "4.62"]
[White "Bastos Seixas, Pedro Lucas"]
[Black "Silva, Gabryel Lunardi Car"]
[Result "1-0"]
[WhiteElo "2049"]
[BlackElo "1790"]
[PlyCount "56"]
[EventDate "2024.01.20"]
[EventRounds "10"]
[EventCountry "BRA"]

1. Nf3 Nf6 2. g3 g6 3. Bg2 Bg7 4. O-O O-O 5. c4 d6 6. Nc3 Nc6 7. Rb1 e5 8. d3
h6 9. b4 Ne7 ({RR} 9... g5 10. b5 Ne7 11. Nd2 Ng6 12. Ba3 g4 13. Qb3 h5 14. c5
Be6 15. Qc2 Rb8 16. cxd6 cxd6 17. Nde4 Ne8 18. Qa4 f5 19. Nd2 Nf6 20. Nc4 d5
21. Bxf8 Qxf8 22. Qxa7 dxc4 23. dxc4 e4 24. c5 {Quintin Navarro,A (2383)
-Firouzja,A (2728) chess.com INT 2020 0-1 (34)}) 10. a4 ({RR} 10. e4 Nh7 11. d4
exd4 12. Nxd4 Nc6 13. Be3 Ne5 14. Qe2 Bg4 15. f3 Bd7 16. Rfd1 Qc8 17. Nd5 Kh8
18. Rbc1 c6 19. Nc3 Be6 20. Nxe6 Qxe6 21. Nb1 a6 22. a4 Rad8 23. a5 f5 24. exf5
Qxf5 {Barp,A (2374)-Jodorcovsky,P (2197) chess.com INT 2021 0-1 (38)}) 10... c6
11. Ba3 Nh7 $146 ({RR} 11... Ne8 12. b5 c5 13. Qb3 f5 14. e3 g5 15. Rfd1 f4 16.
d4 Qc7 17. dxc5 dxc5 18. Nd2 Bg4 19. Nd5 Nxd5 20. Bxd5+ Kh8 21. f3 Bf5 22. e4
Bh7 23. b6 axb6 24. Qxb6 fxg3 25. hxg3 Qd7 26. g4 {Wieckert,M-Loskarn,P
Dortmund 1988 1-0 (36)}) 12. d4 Bg4 13. dxe5 dxe5 14. b5 Qe8 15. bxc6 Rd8 16.
Nd5 Nxd5 17. cxd5 bxc6 18. Bxf8 Bxf8 19. Rb7 a5 20. Qb3 cxd5 21. Qb5 Bd7 22.
Qxa5 Ra8 23. Ra7 Rxa7 24. Qxa7 e4 25. Nd4 Bxa4 26. Rb1 Bd7 27. Rb8 Qe5 28. e3
Be6 1-0

[Event "Floripa Chess Open 2024"]
[Site "Florianopolis"]
[Date "2024.01.22"]
[Round "4.64"]
[White "Rodrigues, Julliano De Araujo"]
[Black "Mariani, Daniel Brandao"]
[Result "1/2-1/2"]
[WhiteElo "1779"]
[BlackElo "2040"]
[PlyCount "34"]
[EventDate "2024.01.20"]
[EventRounds "10"]
[EventCountry "BRA"]

1. e4 e6 2. d4 d5 3. Nc3 Nf6 4. e5 Nfd7 5. f4 c5 6. Nf3 Nc6 7. Be3 cxd4 8. Nxd4
Qb6 9. Qd2 Qxb2 10. Rb1 Qa3 11. Bb5 Nxd4 12. Bxd4 Bb4 13. O-O a6 14. Rb3 Qa5
15. Rfb1 Be7 ({RR} 15... Qxb5 16. Rxb4 Qc6 17. f5 h6 18. f6 gxf6 19. exf6 Qd6
20. a4 b5 21. Rxb5 Rg8 22. Re1 axb5 23. Nxb5 Qc6 24. Qb4 Nc5 25. Bxc5 Rxa4 26.
Qxa4 Qxc5+ 27. Kh1 Kd8 28. Qa5+ Kd7 29. Re3 Rg4 30. Rc3 {Georgiev,K (2605)
-Dolmatov,S (2620) Moscow 1990 1/2-1/2 (32)}) 16. Bxd7+ Bxd7 17. Rxb7 Bc5 $146
({RR} 17... Rc8 18. Kh1 Bc5 19. Bxc5 Rxc5 20. R1b4 O-O 21. Ne2 Bb5 22. Nd4 Qxa2
23. h3 Qa1+ 24. Kh2 Qc3 25. Qxc3 Rxc3 26. f5 exf5 27. Nxf5 Rxc2 28. Rg4 g6 29.
Ne7+ Kg7 30. Nf5+ Kg8 31. Ne7+ Kh8 32. Nxd5 {Rudolf,H (2195)-Proehl,H (2285)
Herborn 1994 1/2-1/2 (73)}) ({RR} 17... Bc8 18. Rxe7+ Kxe7 19. Bb6 Qa3 20. Rb3
Qxb3 21. axb3 Bb7 22. Ne4 a5 23. Bxa5 Bc6 24. Qb4+ Ke8 25. Nf6+ {1-0 (25)
Firat,B (2392)-Isik,E (2191) Kemer 2011}) 1/2-1/2

[Event "Floripa Chess Open 2024"]
[Site "Florianopolis"]
[Date "2024.01.22"]
[Round "4.66"]
[White "Da Cruz, Karoliny Taiane"]
[Black "Bortoloso, Moacir Canella"]
[Result "1-0"]
[WhiteElo "1774"]
[BlackElo "2033"]
[PlyCount "59"]
[EventDate "2024.01.20"]
[EventRounds "10"]
[EventCountry "BRA"]

1. e4 c5 2. Nf3 d6 3. d4 cxd4 4. Nxd4 Nf6 5. Nc3 a6 6. Be3 e5 7. Nb3 Be6 8. Be2
Be7 9. f4 exf4 10. Bxf4 Nc6 ({RR} 10... O-O 11. Qd2 Nc6 12. O-O-O Ne5 13. Rhg1
Rc8 14. g4 b5 15. g5 Nfd7 16. Nd5 Bxd5 17. Qxd5 Qc7 18. Nd4 Rfe8 19. h4 Bf8 20.
h5 g6 21. h6 Nb6 22. Qb3 d5 23. exd5 Nd3+ 24. Rxd3 Qxf4+ 25. Kb1 {Abasov,N  
(2641)-Erigaisi,A (2727) Baku AZE 2023 0-1 (57)}) 11. Qd2 b5 $146 ({RR} 11...
O-O 12. O-O-O Ne8 13. Kb1 Rc8 14. Rc1 Bf6 15. Rhd1 Be5 16. Nd5 Bxd5 17. exd5
Bxf4 18. Qxf4 Ne5 19. Qb4 Rc7 20. h3 Nf6 21. c4 Ne4 22. Qb6 Re8 23. Bf1 Nd7 24.
Qd4 b6 25. Qg1 Ndc5 26. Nd4 {Ciemniak,R (2230)-Malisauskas,V (2505) Polanica
Zdroj 1991 0-1 (38)}) ({RR} 11... O-O 12. O-O-O b5 13. Bxd6 b4 14. e5 Nd7 15.
Bxe7 bxc3 16. Qxd7 Qxd7 17. Rxd7 Bxd7 18. Bxf8 Kxf8 19. Nc5 Nxe5 20. Bxa6 Bc8
21. Re1 f6 22. Bxc8 cxb2+ 23. Kxb2 Rxc8 24. Nd3 Nc4+ 25. Kc1 f5 26. Nb2 {
Rohit,G (2457)-Nitin,S (2303) Nagpur 2008 1/2-1/2 (57)}) 12. Bf3 Ne5 13. O-O-O
Nc4 14. Qe2 Rc8 15. e5 Nd7 16. exd6 Bf6 17. Bd5 O-O 18. Bxe6 fxe6 19. Qxe6+ Kh8
20. Nd4 Nc5 21. Qg4 Qa5 22. d7 Qb4 23. Nb3 Nxd7 24. Bd6 Bg5+ 25. Qxg5 Nxd6 26.
a3 Qc4 27. Rxd6 Nf6 28. Rd4 Qe6 29. Rhd1 h6 30. Qg3 1-0

[Event "Floripa Chess Open 2024"]
[Site "Florianopolis"]
[Date "2024.01.22"]
[Round "4.68"]
[White "Silverio, Vitor Luis De Jesus"]
[Black "Veloso, Henrique Barbosa"]
[Result "1/2-1/2"]
[WhiteElo "1773"]
[BlackElo "2029"]
[PlyCount "49"]
[EventDate "2024.01.20"]
[EventRounds "10"]
[EventCountry "BRA"]

1. e4 e5 2. Nf3 Nc6 3. Bb5 a6 4. Ba4 Nf6 5. O-O d6 6. Re1 Bd7 7. c3 g6 8. d4
Bg7 9. Nbd2 O-O 10. Nf1 b5 11. Bc2 exd4 12. cxd4 Bg4 ({RR} 12... Nb4 13. Bb1 c5
14. a3 Nc6 15. d5 Nd4 16. Nxd4 cxd4 17. Qxd4 Nxe4 18. Qxe4 Re8 19. Qb4 {
1-0 (19) Tan,R (2016)-Offermann,F (2061) chess.com INT 2024}) 13. Be3 Nh5 14.
Rc1 $146 ({RR} 14. h3 Bxf3 15. gxf3 Qf6 16. Nh2 Qh4 17. d5 Ne5 18. Kg2 Nc4 19.
Nf1 Bxb2 20. Rb1 Bc3 21. Re2 Rae8 22. a4 Re5 23. Bc1 Nf4+ 24. Bxf4 Qxf4 25. Qc1
Rg5+ 26. Ng3 Nd2 27. Re3 Rxg3+ {0-1 (27) Derr,O (1755)-Montalbano,F (2115)
Wiesbaden GER 2023}) ({RR} 14. Bb3 Bxf3 15. gxf3 Na5 16. Ng3 Qh4 17. Rc1 Rac8
18. Bd5 Nf4 19. Qd2 Nxd5 20. Qxa5 Nf4 21. Qd2 Nh3+ 22. Kh1 c5 23. dxc5 dxc5 24.
Rxc5 Rxc5 25. Bxc5 Rd8 26. Qe2 Nf4 27. Qc2 Nd3 28. Rd1 Nxb2 {Munkhdalai,A  
(2404)-Eidelman,G (2284) Montesilvano ITA 2023 0-1 (59)}) 14... Bxf3 15. gxf3
Qf6 16. Bb3 Nxd4 17. Bxd4 Qxd4 18. Qxd4 Bxd4 19. Rxc7 Bxb2 20. Ne3 Nf4 21. Nd5
Nxd5 22. Bxd5 Rac8 23. Ra7 a5 24. Rb1 Bc3 25. Rb7 $11 1/2-1/2